000 00795nam a22002655i 4500
001 176229
003 ES-MaACL
005 20250911062658.0
008 160310s1991 sp |||| | spa d
020 _a84-233-0433-7
080 _a821.134.1-992"19"
080 _a913(460.23)
100 1 _aPla, Josep,
_d1897-1981
_9164614
245 1 0 _aViaje en autobús /
_cJosep Pla.
250 _a5ª ed.
260 _aBarcelona :
_bDestino,
_c1991.
300 _a212 p. ;
_c20 cm.
490 1 _aÁncora y Delfín ;
_v3
490 1 _aBiblioteca Josep Pla ;
_v8
651 4 _aCataluña-
_xDescripción.
_98009
830 0 0 _aÁncora y Delfín
_v3
_9151298
830 0 _aBiblioteca Josep Pla ;
_v8
_9223988
852 _aES-MaACL
_jL-30263
_z.- Donat. Miguel A. Velasco
999 _c176229
_d176229